Catálogo público

Reconstrucción histórica de la precipitación para Bocoyna Chihuahua a través de anillos de crecimiento de juniperus deppeana (Steud.) y Pseudotsuga menziesii (Mirb. Franco) (Record no. 111788)

MARC details
000 -CABECERA
campo de control de longitud fija 01419nam a2200349 a 4500
001 - NÚMERO DE CONTROL
campo de control 000115327
003 - IDENTIFICADOR DEL NÚMERO DE CONTROL
campo de control CHAP
005 - FECHA Y HORA DE LA ÚLTIMA TRANSACCIÓN
campo de control 20220329144529.0
008 - DATOS DE LONGITUD FIJA--INFORMACIÓN GENERAL
campo de control de longitud fija 190507s2018 mx a |sm |||||||spa d
010 ## - NÚMERO DE CONTROL DE LA BIBLIOTECA DEL CONGRESO
Número de control de LC 111788
011 ## - ENLACE DEL NUMERO DE CONTROL DE LA BIBLIOTECA DEL CONGRESO [OBSOLETO]
Número de control de LC 112760
040 ## - FUENTE DE LA CATALOGACIÓN
Centro/agencia transcriptor CHAP
090 ## - LOCALMENTE ASIGNADO TIPO-LC NÚMERO DE CLASIFICACIÓN (OCLC); NÚMERO DE CLASIFICACIÓN LOCAL (RLIN)
Número de clasificación (OCLC) (R) ; Numero de clasificación, CALL (RLIN) (NR) Tesis
100 1# - ENTRADA PRINCIPAL--NOMBRE DE PERSONA
Nombre de persona Molina Pérez, Iván Manuel.
9 (RLIN) 135546
245 10 - MENCIÓN DE TÍTULO
Título Reconstrucción histórica de la precipitación para Bocoyna Chihuahua a través de anillos de crecimiento de juniperus deppeana (Steud.) y Pseudotsuga menziesii (Mirb. Franco)
Medio [En línea]
Mención de responsabilidad, etc. por Iván Manuel Molina Pérez.
260 ## - PUBLICACIÓN, DISTRIBUCIÓN, ETC.
Lugar de publicación, distribución, etc. Bermejillo, Durango, Méx. :
Nombre del editor, distribuidor, etc. El autor,
Fecha de publicación, distribución, etc. 2018.
500 ## - NOTA GENERAL
Nota general Para ver el contenido del material haga clic en la liga
502 ## - NOTA DE TESIS
Nota de tesis Tesis (M.C. en Recursos Naturales y Medio Ambiente) -- UACH. Unidad Regional Universitaria de Zonas Áridas
590 ## - NOTA LOCAL (RLIN)
Nota local BATCH-UPD
Procedencia (VM) [OBSOLETO] 05
Condición del los carretes individuales (VM) [OBSOLETO] 20190507
-- UCH01
-- 1507
590 ## - NOTA LOCAL (RLIN)
Nota local E6339RRR
Procedencia (VM) [OBSOLETO] 05
Condición del los carretes individuales (VM) [OBSOLETO] 20190507
-- UCH01
-- 1506
590 ## - NOTA LOCAL (RLIN)
Nota local E6339RRR
Procedencia (VM) [OBSOLETO] 05
Condición del los carretes individuales (VM) [OBSOLETO] 20190507
-- UCH01
-- 1508
590 ## - NOTA LOCAL (RLIN)
Nota local E6339RRR
Procedencia (VM) [OBSOLETO] 05
Condición del los carretes individuales (VM) [OBSOLETO] 20190508
-- UCH01
-- 0923
650 14 - PUNTO DE ACCESO ADICIONAL DE MATERIA--TÉRMINO DE MATERIA
Término de materia o nombre geográfico como elemento de entrada Anillos de crecimiento.
9 (RLIN) 5845
650 14 - PUNTO DE ACCESO ADICIONAL DE MATERIA--TÉRMINO DE MATERIA
Término de materia o nombre geográfico como elemento de entrada Árboles
Subdivisión general Crecimiento.
9 (RLIN) 6583
650 14 - PUNTO DE ACCESO ADICIONAL DE MATERIA--TÉRMINO DE MATERIA
Término de materia o nombre geográfico como elemento de entrada Árboles
Subdivisión general Efecto del clima.
9 (RLIN) 6594
650 14 - PUNTO DE ACCESO ADICIONAL DE MATERIA--TÉRMINO DE MATERIA
Término de materia o nombre geográfico como elemento de entrada Árboles
Subdivisión general Variedades.
9 (RLIN) 82441
650 14 - PUNTO DE ACCESO ADICIONAL DE MATERIA--TÉRMINO DE MATERIA
Término de materia o nombre geográfico como elemento de entrada Precipitación (Meteorología)
Subdivisión general Chihuahua.
9 (RLIN) 91352
856 ## - LOCALIZACIÓN Y ACCESO ELECTRÓNICOS
Nombre del host Finding aid
Identificador Uniforme del Recurso <a href="http://10.13.5.2/tesis/sist115327.pdf">http://10.13.5.2/tesis/sist115327.pdf</a>
Nota pública Teclea aquí
901 ## - ELEMENTOS DE DATOS A LOCAL LDA (RLIN)
a BK
942 ## - ELEMENTOS DE PUNTO DE ACCESO ADICIONAL (KOHA)
Tipo de ítem Koha Tesis
942 ## - ELEMENTOS DE PUNTO DE ACCESO ADICIONAL (KOHA)
Suprimir en OPAC 0
Holdings
Estado de retiro Estado de pérdida Estado dañado Restricciones de uso No para préstamo Código de colección Localización permanente Ubicación/localización actual Fecha de adquisición Información codificada de la localización en otra ubicación Total de préstamos Signatura topográfica completa Código de barras Fecha visto por última vez Precio válido a partir de Tipo de ítem Koha Nota pública
      Préstamo interno2 Excluido de préstamo Tesis Biblioteca Central Biblioteca Central 07/05/2019 TESIS   Tesis 115335-10 31/12/2019 31/12/2019 Tesis Recien adquirido